[Event "TOP12 Feminin 2017"]
[Site "Mulhouse"]
[Date "2017.05.07"]
[Round "4.3"]
[White "Bolon, Karelle"]
[Black "Wiesner, Paula"]
[Result "0-1"]
[WhiteElo "2009"]
[BlackElo "2061"]
[PlyCount "60"]
[WhiteTeam "Saint Quentin"]
[BlackTeam "Strasbourg"]

1. Nf3 Nf6 2. d3 e6 3. g3 d5 4. Bg2 Be7 5. Nbd2 O-O 6. O-O c5 7. Re1 Nc6 8. e4
Qc7 9. e5 Nd7 10. Qe2 Rb8 11. Nf1 b5 12. h4 d4 13. N1h2 Bb7 14. Bf4 Nb6 15. Ng4
Nd5 16. Ng5 Nxf4 17. gxf4 Qd8 18. Be4 h6 19. Nxh6+ gxh6 20. Qh5 Bxg5 21. hxg5
Ne7 22. Kh2 Bxe4 23. dxe4 hxg5 24. Rg1 Kg7 25. Rxg5+ Ng6 26. Qg4 Rh8+ 27. Kg2
Kf8 28. f5 Nxe5 29. Qg3 Qxg5 30. Qxg5 Rg8 0-1

[Event "TOP12 Feminin 2017"]
[Site "Mulhouse"]
[Date "2017.05.07"]
[Round "4.4"]
[White "Ludmann, Brigitte"]
[Black "Durczak, Melanie"]
[Result "1/2-1/2"]
[WhiteElo "1600"]
[BlackElo "1702"]
[PlyCount "132"]
[WhiteTeam "Strasbourg"]
[BlackTeam "Saint Quentin"]

1. e4 d5 2. exd5 Nf6 3. Nf3 Nxd5 4. d4 g6 5. c3 Bg7 6. Be2 Nc6 7. O-O O-O 8.
Re1 Re8 9. Nbd2 e5 10. dxe5 Nxe5 11. Nxe5 Bxe5 12. Nf3 Bg7 13. h3 c6 14. Qb3
Qc7 15. c4 Nf4 16. Bxf4 Qxf4 17. Bf1 Be6 18. a4 b6 19. g3 Qc7 20. Ng5 Qc8 21.
Nxe6 Rxe6 22. Bg2 Qe8 23. Rxe6 Qxe6 24. Qc2 Rd8 25. Rb1 Bh6 26. Rd1 Rxd1+ 27.
Qxd1 Qxc4 28. b3 Qc3 29. Qd8+ Bf8 30. Qd1 c5 31. Bf1 Qd4 32. Qc2 Bg7 33. Bc4
Kf8 34. Qe2 Qe5 35. Qf3 Qe7 36. Qa8+ Qe8 37. Qxa7 Qe1+ 38. Kg2 Qe4+ 39. Kh2 Qe7
40. Qxb6 Bd4 41. Qb8+ Kg7 42. Qf4 Qf6 43. Qxf6+ Bxf6 44. f4 Bc3 45. Kg2 Bb4 46.
Kf3 f6 47. g4 h6 48. Ke4 g5 49. f5 Kf8 50. Kd5 Ke7 51. a5 Bxa5 52. Kxc5 Bc7 53.
Be6 Be5 54. Kc6 Kd8 55. b4 Ke7 56. b5 Kd8 57. b6 Bb8 58. b7 Bc7 59. Bc8 Bb8 60.
Kd5 Ke7 61. Kc6 Kd8 62. Kb6 Ke7 63. Kc6 Kd8 64. Kd5 Ke7 65. Ke4 Kd6 66. Kd4 Ke7
1/2-1/2

[Event "TOP12 Feminin 2017"]
[Site "Mulhouse"]
[Date "2017.05.08"]
[Round "4.1"]
[White "Fuchs, Judith"]
[Black "Javakhishvili, Lela"]
[Result "0-1"]
[WhiteElo "2275"]
[BlackElo "2457"]
[PlyCount "88"]
[WhiteTeam "Centre Vaucluse"]
[BlackTeam "Bischwiller"]

1. e4 d6 2. d4 Nf6 3. Nc3 g6 4. f4 Bg7 5. Nf3 c5 6. dxc5 Qa5 7. Qd4 Nc6 8. Bb5
O-O 9. Qa4 Qc7 10. cxd6 exd6 11. O-O Bd7 12. Nd5 Nxd5 13. exd5 a6 14. Bxc6 bxc6
15. c3 cxd5 16. Qd1 Qc5+ 17. Kh1 Rfe8 18. Bd2 a5 19. Be1 Qc4 20. Bf2 Bb5 21.
Re1 Rxe1+ 22. Qxe1 Re8 23. Qc1 Re2 24. Bg1 Qe4 25. a4 Bd7 26. Qf1 Rxb2 27. Re1
Qxf4 28. Re7 Bxa4 29. Qa6 Qg4 30. Ne1 Bf6 31. Re3 Be5 32. Qa8+ Kg7 33. Qxd5 Rb5
34. Qd3 Qd1 35. Qe4 Bb3 36. Qh4 Be6 37. Qe7 a4 38. Nf3 Bf6 39. Qa7 Bd5 40. Nd4
Rb2 41. Rg3 Qf1 42. Nf3 Rxg2 43. Rxg2 Qxf3 44. Qf2 Qxg2+ 0-1

[Event "TOP12 Feminin 2017"]
[Site "Mulhouse"]
[Date "2017.05.07"]
[Round "4.2"]
[White "Maisuradze, Nino"]
[Black "Penalver, Marion"]
[Result "1-0"]
[WhiteElo "2260"]
[BlackElo "1997"]
[PlyCount "111"]
[WhiteTeam "Bischwiller"]
[BlackTeam "Centre Vaucluse"]

1. d4 Nf6 2. Nf3 e6 3. Bf4 b6 4. Nbd2 Bb7 5. e3 Be7 6. h3 O-O 7. Bd3 d6 8. Bh2
c5 9. c3 Nc6 10. Qe2 cxd4 11. exd4 Rc8 12. O-O d5 13. Rae1 Bd6 14. Bxd6 Qxd6
15. Ne5 Ne7 16. f4 Nf5 17. Rf3 Qe7 18. Ng4 Nd6 19. f5 Rce8 20. fxe6 Nxg4 21.
exf7+ Rxf7 22. Qxe7 Rexe7 23. Rxe7 Rxe7 24. hxg4 Bc8 25. g5 Bg4 26. Rf4 Be2 27.
Bc2 Nc4 28. Nxc4 Bxc4 29. b3 Re1+ 30. Kh2 Ba6 31. g6 hxg6 32. Bxg6 Re7 33. Kg3
Bb7 34. Kf2 Bc6 35. Rf3 a5 36. Re3 Kf8 37. g4 Bd7 38. g5 Re6 39. Rf3+ Ke7 40.
Rf7+ Kd6 41. Rxg7 Bb5 42. Bh5 Bd3 43. Rf7 b5 44. Rf6 b4 45. cxb4 axb4 46. Rxe6+
Kxe6 47. Ke3 Bb1 48. Bg4+ Kf7 49. Bf3 Ke6 50. Kd2 Bg6 51. Kc1 Bf7 52. Bg4+ Kd6
53. Bf5 Bh5 54. Kb2 Be2 55. a3 bxa3+ 56. Kxa3 1-0

[Event "TOP12 Feminin 2017"]
[Site "Mulhouse"]
[Date "2017.05.07"]
[Round "4.3"]
[White "David, Iris"]
[Black "Fischer, Julie"]
[Result "0-1"]
[WhiteElo "1722"]
[BlackElo "2059"]
[PlyCount "66"]
[WhiteTeam "Centre Vaucluse"]
[BlackTeam "Bischwiller"]

1. d4 Nf6 2. c4 c5 3. d5 b5 4. cxb5 a6 5. f3 d6 6. e4 g6 7. Bd2 Bg7 8. Bc3 O-O
9. Nd2 e6 10. Qb3 axb5 11. Bxb5 exd5 12. exd5 Ba6 13. Bc4 Bxc4 14. Qxc4 Nbd7
15. Ne2 Nb6 16. Qb3 Nbxd5 17. O-O Nxc3 18. Nxc3 d5 19. Rfd1 Rb8 20. Qc2 Qa5 21.
Nb3 Qa7 22. Kh1 Rfd8 23. Ne2 Rbc8 24. Rac1 Bh6 25. Ra1 d4 26. Qc4 Nd5 27. Qb5
Ne3 28. Rd2 Nxg2 29. Rc2 d3 30. Rxc5 Rxc5 31. Nxc5 dxe2 32. Kxg2 Rd1 33. Qxe2
Rd2 0-1

[Event "TOP12 Feminin 2017"]
[Site "Mulhouse"]
[Date "2017.05.07"]
[Round "4.4"]
[White "Guerin, Juliette"]
[Black "Vette, Valerie"]
[Result "1/2-1/2"]
[WhiteElo "1875"]
[BlackElo "1742"]
[PlyCount "71"]
[WhiteTeam "Bischwiller"]
[BlackTeam "Centre Vaucluse"]

1. e4 c6 2. d4 d5 3. Nc3 dxe4 4. Nxe4 Nd7 5. Ng5 Ngf6 6. Bd3 Qc7 7. N1f3 e6 8.
Qe2 Be7 9. O-O h6 10. Ne4 Nxe4 11. Qxe4 Nf6 12. Qe2 O-O 13. Ne5 c5 14. dxc5
Bxc5 15. Bf4 Bd6 16. Bg3 b6 17. Rad1 Bb7 18. Ng4 Ne8 19. Be5 Bxe5 20. Nxe5 Nf6
21. Rfe1 Rad8 22. f4 Qc5+ 23. Kh1 Qb4 24. Nc4 Nd5 25. Qe4 g6 26. a3 Qe7 27. Qe5
Qh4 28. Be4 Nf6 29. Bf3 Bxf3 30. gxf3 Nh5 31. Nd6 Qxf4 32. Qxf4 Nxf4 33. Kg1
Rd7 34. Ne4 Rc7 35. c3 Kg7 36. Kf2 1/2-1/2